Iniciación coral

Guardat en:
Dades bibliogràfiques
Autor principal: Cobo Gómez, Adrian (Autor)
Format: Llibre
Idioma:espanyol
Publicat: Real Musical 1989
Matèries:
Etiquetes: Afegir etiqueta
Sense etiquetes, Sigues el primer a etiquetar aquest registre!

MARC

LEADER 00000cam a2200000 a 4500
001 UCF6750
003 CL-VaPUC
008 130516e19890000SP |||||||||||||||||spa|d
020 |a 8438703070 
082 0 4 |a 782  |b COB  |2 21 
100 0 |a Cobo Gómez, Adrian  |e author  |9 568775 
245 1 0 |a Iniciación coral 
300 |a 83 p 
942 |c BK 
945 |d 20130516 00:00:00  |a dcastane 
260 |b Real Musical  |c 1989 
650 0 |a Coros  |9 341002 
650 0 |a Música coral   |9 327326 
650 0 |a Partituras  |9 324008 
583 |a last modification  |c 20130516 09:57:00  |k Rodrigo Vera 
999 |c 351856  |d 351854